MDQL
is popping MORE tags! Check the
thread
!
Quizzes
Events
Quiz Creation
Community
Videos
Private Events
Remove Ads
Sign In
Join for FREE
Feedback
Dark Mode
Quiz Categories
Sports
Geography
Music
Movies
Television
Just For Fun
Miscellaneous
History
Literature
Language
Science
Gaming
Entertainment
Religion
Holiday
For Kids
Quiz Lab
Recent
Popular Today
Quiz Kudos Today
Editor Picks
Curator Picks
Quizzes by...
Day
Popularity
Type
Ratings
Length
Year
Community
Subscriptions
Recent Discussions
Orange Saloon
Badges
Playlists
Quests
Create
Leaderboards
Showdown
Live 5
Trivia Bingo
Activity
Puzzle Library
Sporcle Events
Private Events
Virtual Trivia
Globe League
Become a Host
Pub Owners
SporcleCon
Opinionation
Our Games
Videos
Blog
Mobile Apps
Partnerships
Remove Ads and Go Orange
Feedback
Movies
Disney
Marvel Cinematic Universe
Movie Resume
Movie Titles
Oscar
Actor
Actress
Director
Pixar
Role
Movie Quotes
Movie Characters
Box Office
Nominee
Best Picture
Star Wars
James Bond
Horror Movies
Movies
Disney
Marvel Cinematic Universe
Movie Resume
Movie Titles
Oscar
Actor
Actress
Director
Pixar
Role
Movie Quotes
Movie Characters
Box Office
Nominee
Best Picture
Star Wars
James Bond
Horror Movies
Random Quiz
Search Sporcle
×
Quiz Lab
Quiz Lab
Movies
Oscar
Type in answers that appear in a list
Type in answers that appear in a list
Classic
Best Score? Go Orange.
Black Oscar Winners Stats
Can you name the Black Oscar Winners?
By
Ningician
3m
19 Questions
204 Plays
204 Plays
204 Plays
Comments
Comments
Give Quiz Kudos
Give Quiz Kudos
-
- Ratings
hide this ad
Replay
Link that replays current quiz
Next Quiz
Link to next quiz in quiz playlist
You Got
0%
They Got
Avg Score
67%
Avg Friend Score
Upgrade to see
Score Distribution
Jump to the score distribution portion of the page
Score
0/19
Timer
03:00
0
Plays Today
Film
Actor/Actress
% Correct
King Richard
Will Smith
100%
Glory, Training Day
Denzel Washington
98%
Monsters Ball
Halle Berry
96.6%
Ghost
Whoopi Goldberg
96.6%
If Beale Street Could Talk
Regina King
95.5%
Ray
Jamie Foxx
95.1%
Million Dollar Baby
Morgan Freeman
95.1%
Jerry Maguire
Cuba Gooding Jr
94.6%
Dreamgirls
Jennifer Hudson
94.1%
The Last King of Scotland
Forest Whitaker
92.2%
Film
Actor/Actress
% Correct
Fences
Viola Davis
91.8%
Judas and the Black Messiah
Daniel Kaluuya
89.5%
Lillies of the Field
Sidney Poitier
88.7%
Precious
Mo'nique
86.3%
The Help
Octavia Spencer
84.3%
Gone With the Wind
Hattie McDaniel
83.8%
Moonlight, Greenbook
Mahershala Ali
81.6%
12 Years A Slave
Lupita Nyong'o
81.5%
An Officer and a Gentleman
Louis Gossett Jr
75.5%
Quiz Playlist
Details
Report
Send in Message
Add To Playlist
Classic:
Type in answers that appear in a list
Last Updated: Feb 16, 2017
Quiz Scoreboard
CHALLENGE
Sign Up to Join the Scoreboard
Show All
Scores
Hide
Comments
May contain spoilers
Recently Published
Holiday 10x10 Sorting Gallery
by lukepisani3
Holiday
15m
Two Season TV Shows II
by 123Four
Television
10m
Image Sorting: Flags VI
by Barbecue
Geography
2m
More to Explore
Quiz From the Vault
Featured Blog Post
14 Easter Pick-up Lines to Find Eggs With
hide this ad
You Might Also Like...
Tags
Actor Quiz
Actress Quiz
Oscar Quiz
black
Today's Top Quizzes in Movies
Browse Movies
hide this ad
Today's Top Quizzes in Oscar
Browse Oscar
Top Contributed Quizzes in Movies
1
The ultimate James Bond movie quiz
2
Find The 'Big' Movie
3
Find The 'Wild' Movie
4
Find The 'Blue' Movie
5
Movies By Plot
6
Hidden Star Wars Character II
7
Hidden Star Wars Character III
8
25 Best Actor Nominees (1990s)
9
Hidden Star Wars Character IV
10
Pick 5 Posters: Directed by Spielberg
Explore More
Trending Topics
Anime
Crossword
NBA
Kpop
Marvel
Harry Potter
Disney
The Office
WWE
Song
Pokémon
Country
NFL
Soccer
Puzzle
hide this ad
More By:
Ningician
Quiz
Plays
Rating
Category
Featured
Created
In Which Harry Potter Book did...?
7,430
3.65
Literature
Jan 3, 2011
Right or Wrong - Game 2
5,552
3.50
Just For Fun
Jan 27, 2013
Xmen Cast
5,374
3.17
Movies
Oct 4, 2010
In which Spiderman movie did...?
3,512
2.18
Movies
Nov 15, 2010
Mystery Character - Avatar: The Last Airbender
1,630
4.55
Just For Fun
May 26, 2011
Go to Creator's Profile
Score Distribution
Quiz Creator Spotlight
Ningician
Follow
Send a Message
Quizzes Created
-
Created Quiz Play Count
-
More By This Creator
Popular Quizzes Today
1
Find the US States - No Outlines Minefield
2
Colored Red Africa Blitz
3
Find the 'City' Movie
4
The Countries of the World
5
5x2 Blitz: Bands
6
Find the Countries of Europe - No Outlines Minefield
7
Find the US States
8
US States
More Movies Quizzes
Alphabetised Anagrams: James Bond Movies
Curator's Pick
Trending Quizzes
Colored Red Europe Blitz I
Colored Red Africa Blitz II
Colored Red Europe Blitz II
Even More Two Season TV Shows
Colored Red Africa Blitz III
Recently Updated
Quick Pick: 20 Twenties
pecheneg
March Madness Men's Triple Doubles
pecheneg
How Do You Spell That?
pecheneg
Godzilla Movies
pecheneg
Grab Bag: 4-10 Letters
pecheneg
2024 March Madness Bracket
pecheneg
Famous TV Couples
Peacemaker
Champions League XIs: Real Madrid
pecheneg
Largest US Cities 1790-2010
pecheneg
Rides in Walt Disney World
pecheneg
Trending Topics
Harry Potter
Anime
Crossword
Kpop
NBA
Marvel
Disney
Soccer
Pokémon
Country
Puzzle
NFL
Song
The Office
WWE
Your Account Isn't Verified!
In order to create a playlist on Sporcle, you need to verify the email address you used during registration. Go to your
Sporcle Settings
to finish the process.
Report this User
Report this user for behavior that violates our
Community Guidelines
.
Details:
Send Report
Go to the Sporcle.com Mobile Site →
Comments